00749nam a22002057a 450000500170000001000110001702000100002803500110003803700160004904000120006508200150007724502740009225000110036626000370037727000300041430000280044465000320047265000160050470000230052020170124110233.0 a177832 c00.00 a177832 bCen Lib/Ret aDPLbEN a620.3bENG aEngineering encyclopedia :cedited by Franklin D. Jonesba condensed encyclopedia and mechanical dictionary for engineers, mechanics, technical schools, industrial plants, and public libraries, giving the most essential facts about 4500 important engineering subjects / a2nd ed aNew YorkbIndustrial Pressc1954 bNew Yorka93 Worth Street a1432p. :c22m(Hb)bill. aEngineering -- Dictionaries aEngineering aJones, Franklin D.